00343nam a2200097 4500008004100000040005500041100002000096245005600116260006300172300001000235240729b |||||||| |||| 00| 0 eng d aNational Science LibrarycNational Science Library aRosescu, Teodor aNoi aproximatii in teoria transportului neutronilor aRomania: bEditura Academiei Republicii Socialiste, c1968 a322p.